| 000 | 00467nam a22001697a 4500 | ||
|---|---|---|---|
| 999 |
_c3660 _d3660 |
||
| 003 | GBCCL | ||
| 005 | 20241126110500.0 | ||
| 008 | 171201b xxu||||| |||| 00| 0 eng d | ||
| 040 | _cgbc | ||
| 082 |
_aVER 227.507 _bNEN |
||
| 100 |
_aNengzachin _97261 |
||
| 245 |
_aEphesa-te Hilhchian / _cNengzachin |
||
| 260 |
_aNew Lamka: _bKristian Konvenson Saptuam |
||
| 300 |
_a64p.; _e17 cm. |
||
| 650 |
_aBible _vNew Testament _xEphesians _yCommentary _97262 |
||
| 942 |
_2ddc _cBK _02 |
||